Vybrané rozhodnutia súdov k § 1 až § 151v Občianskeho zákonníka z diela Komentár k Občianskemu zákonníku, I. Fekete
Enregistré dans:
| Autres auteurs: | |
|---|---|
| Format: | Livre |
| Langue: | slovaque |
| Publié: |
Žilina
Poradca podnikateľa
2014
|
| Sujets: | |
| Tags: |
Pas de tags, Soyez le premier à ajouter un tag!
|
MARC
| LEADER | 00000nam a2200000 4500 | ||
|---|---|---|---|
| 001 | 0198851 | ||
| 005 | 20240313133639.0 | ||
| 020 | |a 978-80-89363-84-1 | ||
| 041 | 0 | |a slo | |
| 044 | |a SK | ||
| 245 | 1 | 0 | |a Vybrané rozhodnutia súdov k § 1 až § 151v Občianskeho zákonníka |b z diela Komentár k Občianskemu zákonníku, I. Fekete |c zodpovedná redaktorka: Andrea Sládková |
| 264 | 1 | |a Žilina |b Poradca podnikateľa |c 2014 | |
| 300 | |a 136 s. | ||
| 610 | 2 | 0 | |a právo občianske |
| 610 | 2 | 0 | |a vzťahy občianskoprávne |
| 610 | 2 | 0 | |a úkony právne |
| 610 | 2 | 0 | |a zmluvy |
| 610 | 2 | 0 | |a spotrebitelia |
| 610 | 2 | 0 | |a premlčanie |
| 610 | 2 | 0 | |a pojmy |
| 610 | 2 | 0 | |a právo vlastnícke |
| 610 | 2 | 0 | |a spoluvlastníctvo |
| 610 | 2 | 0 | |a Slovensko |
| 700 | 1 | |a Sládková, Andrea | |